000 00584nam a22001697a 4500
999 _c18694
_d18694
008 240118b ||||| |||| 00| 0 eng d
020 _a9786214510061
082 _22021
_aDFil 410
_bG589
100 _aGonzales, Jennifer B.
_945959
245 _aIntroduction to linguistics /
_cJennifer B. Gonzales and Jeromil O. Enoc.
260 _aQuezon City :
_bLorimar publishing , Inc.,
_c©2021.
300 _axvi, 212 pages :
_billustrations ;
_c25 cm.
500 _aIncludes references.
650 _aLinguistics.
_951197
700 _aEnoc, Jeromil O.
_eauthor.
_950725
942 _2ddc
_cDFIL